000
00300nam a22001337a 4500
003
SGT
020
_a
978-93-88022-47-7
082
_a
615
_b
UDD
100
_a
UDDIN, REHAN
245
_a
A TEXTBOOK OF PHARMACEUTICAL ENGINEERING
260
_a
INDIA
_b
IP PUB.
_c
2025
300
_a
133
942
_2
ddc
_c
BK
999
_c
32430
_d
32430